|
|
|
|
| LEADER |
00000cam a2200000 7i4500 |
| 001 |
0000014010 |
| 005 |
20080218.0 |
| 008 |
080218 |
| 020 |
|
|
|a 983405646X
|
| 090 |
0 |
0 |
|a 332.024
|b AZI
|
| 100 |
0 |
|
|a Azizi Ali
|
| 245 |
1 |
0 |
|a How to become a property millionaire :
|b the ultimate guide on how to make lots of money from property investment
|c Azizi Ali
|
| 260 |
|
|
|a Petaling Jaya :
|b True Wealth ,
|c 2005
|
| 650 |
|
0 |
|a Finance, Personal
|
| 650 |
|
0 |
|a Millionaires
|
| 650 |
|
0 |
|a Saving and investment
|
| 650 |
|
0 |
|a Wealth
|
| 999 |
|
|
|a 0001011957
|b Book
|c Adult Collection
|e Perbadanan Perpustakaan Awam Johor
|
| 999 |
|
|
|a 0001023754
|b Book
|c Adult Collection
|e Cawangan Bandar Tenggara
|
| 999 |
|
|
|a 0001023755
|b Book
|c Adult Collection
|e Perbadanan Perpustakaan Awam Johor
|
| 999 |
|
|
|a 0001023756
|b Book
|c Adult Collection
|e Perbadanan Perpustakaan Awam Johor
|